| 000 | 00683cam a22002294a 4500 | ||
|---|---|---|---|
| 001 | 13514431 | ||
| 005 | 20251113174243.0 | ||
| 008 | 040308s2005 njua 001 0 eng | ||
| 020 | _a0131140809 | ||
| 020 | _a9780131140806 | ||
| 050 | 0 | 0 |
_aTK7870 _b.F52 2005 |
| 082 | 0 | 0 |
_a621.3815 _222 |
| 100 | 1 | _aFloyd, Thomas L. | |
| 245 | 1 | 0 |
_aElectronic devices / _cThomas L. Floyd. |
| 250 | _a7th ed. | ||
| 260 |
_aNew Jersey : _bPearson/Prentice Hall, _cc2005. |
||
| 300 |
_axviii, 973 p. : _bill. ; _c29 cm. + _e1 CD-ROM (4 3/4 in.) |
||
| 500 | _aIncludes index. | ||
| 650 | 0 | _aElectronic apparatus and appliances. | |
| 650 | 0 | _aSolid state electronics. | |
| 942 |
_2lcc _cBK _e7th ed. _n0 |
||
| 999 |
_c8253 _d8253 |
||